Normal view
MARC view
- Marvin, Tepper
Entry Personal Name
001 - CONTROL NUMBER
- control field: 6869
003 - CONTROL NUMBER IDENTIFIER
- control field: OSt
005 - DATE AND TIME OF LATEST TRANSACTION
- control field: 20250108153610.0
008 - FIXED-LENGTH DATA ELEMENTS
- fixed length control field: 250108|| aca||aabn | a|a d
040 ## - CATALOGING SOURCE
- Original cataloging agency: OSt
- Transcribing agency: OSt
100 ## - HEADING--PERSONAL NAME
- Personal name: Marvin, Tepper
670 ## - SOURCE DATA FOUND
- Source citation: Work cat.: (OSt)3146: Marvin, Tepper ., Basic radio, vol -1 / , 1968.
